[Event "Mittelfranken-chTB2a 1819"]
[Site "Mittelfranken"]
[Date "2019.01.27"]
[Round "4.6"]
[White "Metzenroth, Dieter"]
[Black "Mueller, Norbert"]
[Result "1/2-1/2"]
[WhiteElo "1828"]
[BlackElo "1872"]
[PlyCount "79"]
[EventDate "2018.10.14"]
[EventType "team-tourn"]
[EventRounds "9"]
[EventCountry "GER"]
[SourceTitle "EXT 2022"]
[Source "ChessBase"]
[SourceDate "2021.10.06"]
[SourceVersion "1"]
[SourceVersionDate "2021.10.06"]
[SourceQuality "1"]
[WhiteTeam "Cadolzburg"]
[BlackTeam "Ansbach/Bad Windsheim"]
[WhiteTeamCountry "GER"]
[BlackTeamCountry "GER"]

1. d4 f5 2. Bf4 Nf6 3. e3 g6 4. h4 h5 5. Qf3 d6 6. Nc3 c6 7. Qg3 Rg8 8. Bc4 e6 9. a4 Na6 10. Nf3 Nb4 11. Bb3 Nbd5 12. Nxd5 exd5 13. a5 Ne4 14. Qh3 Be7 15. Qh2 Be6 16. Nd2 Qd7 17. Nxe4 fxe4 18. Ba4 Bg4 19. Rf1 0-0-0 20. Kd2 Kb8 21. Ra3 Ka8 22. b4 Rc8 23. Rb1 a6 24. c3 Rgf8 25. g3 Qe8 26. Bd1 Bxd1 27. Rxd1 Qd7 28. Rf1 Qg4 29. Ra2 Rf7 30. Rg1 Rcf8 31. Ke1 Qd7 32. Kd2 Qg4 33. Qg2 Rc8 34. Rb2 Rcf8 35. Rbb1 Qd7 36. Qf1 Qg4 37. Rh1 Qd7 38. Rb2 Qg4 39. Qe2 Qxe2+ 40. Kxe2 1/2-1/2

[Event "Mittelrhein Verbandsliga-W 16/17"]
[Site "Nordrheinwestfalen"]
[Date "2017.04.09"]
[Round "10.1"]
[White "Mueller, Norbert"]
[Black "Reinhard, Marcus"]
[Result "1-0"]
[WhiteElo "2026"]
[BlackElo "2034"]
[PlyCount "75"]
[EventDate "2016.09.11"]
[EventType "team-tourn"]
[EventRounds "11"]
[EventCountry "GER"]
[SourceTitle "EXT 2022"]
[Source "ChessBase"]
[SourceDate "2021.10.06"]
[SourceVersion "1"]
[SourceVersionDate "2021.10.06"]
[SourceQuality "1"]
[WhiteTeam "Aachen PTSV"]
[BlackTeam "Alsdorf SVG"]
[WhiteTeamCountry "GER"]
[BlackTeamCountry "GER"]

1. d4 c5 2. e3 g6 3. Nf3 Bg7 4. Be2 Nf6 5. 0-0 0-0 6. Nbd2 b6 7. b3 Bb7 8. Bb2 cxd4 9. exd4 d5 10. Re1 Nc6 11. Bf1 a5 12. a4 Rc8 13. c3 Ne8 14. Ne5 Nd6 15. Nxc6 Bxc6 16. Bd3 Re8 17. Nf3 b5 18. Ne5 bxa4 19. Nxc6 Rxc6 20. Rxa4 Qb6 21. b4 axb4 22. Rxb4 Qc7 23. Qa4 Rc8 24. g3 e6 25. Ra1 Bh6 26. Qd1 Bf8 27. Rba4 Rb8 28. Qe2 Rcb6 29. R1a2 h5 30. h3 Qd8 31. Ra7 Nc8 32. Ra8 Rxb2 33. Qxb2 Rxb2 34. Rxb2 Qg5 35. Rbb8 Bd6 36. Rxc8+ Kg7 37. h4 Qd2 38. Bf1 1-0

[Event "Mittelrhein Verbandsliga-W 16/17"]
[Site "Nordrheinwestfalen"]
[Date "2017.02.19"]
[Round "8.2"]
[White "Lauter, Helmut"]
[Black "Mueller, Norbert"]
[Result "0-1"]
[WhiteElo "1827"]
[BlackElo "2026"]
[PlyCount "78"]
[EventDate "2016.09.11"]
[EventType "team-tourn"]
[EventRounds "11"]
[EventCountry "GER"]
[SourceTitle "EXT 2022"]
[Source "ChessBase"]
[SourceDate "2021.10.06"]
[SourceVersion "1"]
[SourceVersionDate "2021.10.06"]
[SourceQuality "1"]
[WhiteTeam "Eilendorf Arminia"]
[BlackTeam "Aachen PTSV"]
[WhiteTeamCountry "GER"]
[BlackTeamCountry "GER"]

1. d4 Nf6 2. Nf3 e6 3. Bg5 c5 4. e3 Be7 5. c3 b6 6. Nbd2 Bb7 7. Bd3 0-0 8. 0-0 d6 9. h3 Nbd7 10. Qe2 Nd5 11. Bxe7 Qxe7 12. c4 Nb4 13. Bb1 d5 14. a3 Nc6 15. Qd3 Nf6 16. Ne5 g6 17. Nxc6 Bxc6 18. cxd5 exd5 19. Qc3 Rac8 20. dxc5 bxc5 21. Nf3 Rfe8 22. Re1 Qd6 23. b4 d4 24. bxc5 Bxf3 25. cxd6 Rxc3 26. gxf3 dxe3 27. fxe3 Rcxe3 28. Rxe3 Rxe3 29. Kf2 Re6 30. a4 Rxd6 31. Ra2 Nd7 32. Ke3 Nc5 33. Bc2 Kf8 34. Rb2 Ke7 35. Rb5 Rc6 36. Ra5 Rc7 37. Rb5 Kd6 38. Kd4 Ne6+ 39. Kd3 Rxc2 0-1

[Event "Mittelfranken-chTB2a 1516"]
[Site "Mittelfranken"]
[Date "2016.02.14"]
[Round "6.2"]
[White "Mueller, Norbert"]
[Black "Krasnikov, Paul"]
[Result "1-0"]
[WhiteElo "1991"]
[BlackElo "1885"]
[PlyCount "103"]
[EventDate "2015.10.18"]
[EventType "team-tourn"]
[EventRounds "9"]
[EventCountry "GER"]
[SourceTitle "EXT 2020"]
[Source "ChessBase"]
[SourceDate "2019.10.17"]
[SourceVersion "1"]
[SourceVersionDate "2019.10.17"]
[SourceQuality "1"]
[WhiteTeam "Bad Windsheim/Ansbach"]
[BlackTeam "Zirndorf II"]
[WhiteTeamCountry "GER"]
[BlackTeamCountry "GER"]

1. e4 c6 2. d4 d5 3. f3 dxe4 4. fxe4 e5 5. Nf3 Bg4 6. Bc4 f6 7. c3 Bxf3 8. Qxf3 Nd7 9. Be3 Ne7 10. Nd2 Qc7 11. a4 Ng6 12. a5 Bd6 13. g3 0-0-0 14. d5 Bc5 15. Bxc5 Nxc5 16. Qe3 cxd5 17. exd5 Kb8 18. b4 Nd7 19. 0-0 h5 20. Bd3 Ndf8 21. c4 h4 22. b5 hxg3 23. hxg3 e4 24. Bxe4 Qe5 25. Rae1 Qh5 26. Qe2 Qg5 27. Qg2 Ne5 28. Nf3 Nxf3+ 29. Qxf3 Qd2 30. Qf4+ Qxf4 31. gxf4 Nd7 32. Bg2 Rde8 33. d6 Nc5 34. Re7 Rxe7 35. dxe7 Re8 36. Re1 Kc7 37. a6 Nd3 38. Re3 Nxf4 39. axb7 Nxg2 40. Kxg2 Kxb7 41. Re6 Kc7 42. c5 Kd7 43. Ra6 Rxe7 44. Rxa7+ Ke6 45. b6 Re8 46. Rxg7 Kd5 47. Rc7 Re2+ 48. Kf3 Rb2 49. b7 Ke5 50. c6 Rb3+ 51. Ke2 Ke4 52. Rc8 1-0

[Event "Mittelfranken-chTB2a 1415"]
[Site "Mittelfranken"]
[Date "2014.12.14"]
[Round "4.2"]
[White "Suess, Helmut"]
[Black "Mueller, Norbert"]
[Result "0-1"]
[WhiteElo "1798"]
[BlackElo "1991"]
[PlyCount "58"]
[EventDate "2014.09.28"]
[EventType "team-tourn"]
[EventRounds "9"]
[EventCountry "GER"]
[SourceTitle "EXT 2020"]
[Source "ChessBase"]
[SourceDate "2019.10.17"]
[SourceVersion "1"]
[SourceVersionDate "2019.10.17"]
[SourceQuality "1"]
[WhiteTeam "Nuernberg NT V"]
[BlackTeam "Bad Windsheim/Ansbach"]
[WhiteTeamCountry "GER"]
[BlackTeamCountry "GER"]

1. Nf3 f5 2. d3 d5 3. c4 c6 4. cxd5 cxd5 5. g3 Nc6 6. Bg2 e5 7. 0-0 Be7 8. Nbd2 Nf6 9. Nb3 0-0 10. Bd2 b6 11. Rc1 Bb7 12. Rc2 Rc8 13. Qb1 Qe8 14. Bg5 Qh5 15. Bxf6 Bxf6 16. Rd1 g5 17. e3 Ne7 18. Rxc8 Bxc8 19. Rc1 g4 20. Ne1 f4 21. exf4 exf4 22. f3 Bg5 23. Rc3 fxg3 24. hxg3 gxf3 25. Bxf3 Rxf3 26. Nxf3 Qxf3 27. Rxc8+ Nxc8 28. Qc2 Qxg3+ 29. Kf1 Qf3+ 0-1

[Event "Mittelrhein Verbandsliga-W 1112"]
[Site "Germany"]
[Date "2011.12.11"]
[Round "4.2"]
[White "Mueller, Norbert"]
[Black "Lukac, Sasa"]
[Result "1-0"]
[WhiteElo "2069"]
[BlackElo "1787"]
[PlyCount "69"]
[EventDate "2011.09.18"]
[EventType "team-tourn"]
[EventRounds "11"]
[EventCountry "GER"]
[SourceTitle "EXT 2013"]
[Source "ChessBase"]
[SourceDate "2012.11.22"]
[SourceVersion "1"]
[SourceVersionDate "2012.11.22"]
[SourceQuality "1"]
[WhiteTeam "Aachen PTSV"]
[BlackTeam "Brand SF"]
[WhiteTeamCountry "GER"]
[BlackTeamCountry "GER"]

1. c4 e6 2. Nc3 Nf6 3. e4 c5 4. Nf3 d6 5. g3 Nc6 6. Bg2 Nd4 7. d3 e5 8. h3 h6 9. 0-0 g5 10. Nxd4 cxd4 11. Nd5 Bg7 12. f4 Nxd5 13. exd5 gxf4 14. gxf4 Qh4 15. Qf3 Rf8 16. fxe5 Bxe5 17. Bf4 Bd7 18. Rae1 0-0-0 19. Bxe5 dxe5 20. Rxe5 Rg8 21. Rh5 Qg3 22. Rxh6 Rde8 23. Qxg3 Rxg3 24. Rxf7 Reg8 25. Rf2 Rxd3 26. Kh2 Re3 27. Rh4 d3 28. Bf3 Rf8 29. Kg2 d2 30. Rd4 Rg8+ 31. Kh2 Rh8 32. Rdxd2 Bxh3 33. Kg3 Re5 34. Rd4 Rg5+ 35. Bg4+ 1-0

[Event "Regionalliga Mittelrhein 1011"]
[Site "Germany"]
[Date "2011.03.20"]
[Round "7.1"]
[White "Schenk, Uwe"]
[Black "Mueller, Norbert"]
[Result "1-0"]
[WhiteElo "2090"]
[BlackElo "2124"]
[PlyCount "77"]
[EventDate "2010.10.24"]
[EventType "team"]
[EventRounds "9"]
[EventCountry "GER"]
[SourceTitle "EXT 2015"]
[Source "ChessBase"]
[SourceDate "2014.11.20"]
[SourceVersion "1"]
[SourceVersionDate "2014.11.20"]
[SourceQuality "1"]
[WhiteTeam "Godesberg III"]
[BlackTeam "Aachen PTSV"]
[WhiteTeamCountry "GER"]
[BlackTeamCountry "GER"]

1. Nf3 c5 2. c4 g6 3. e4 Bg7 4. d4 cxd4 5. Nxd4 Nc6 6. Be3 d6 7. Be2 Nf6 8. Nc3 0-0 9. 0-0 Bd7 10. Qd2 Rc8 11. f3 a6 12. Rfd1 Nxd4 13. Bxd4 Be6 14. Nd5 Bxd5 15. exd5 Nd7 16. Bxg7 Kxg7 17. b4 Qb6+ 18. Kh1 Rc7 19. f4 Nf6 20. Bd3 Qd4 21. Bf1 Qxd2 22. Rxd2 Ne4 23. Rd4 f5 24. Kg1 Rfc8 25. Rad1 Kf7 26. Bd3 Nf6 27. h3 Nd7 28. g4 Ne5 29. fxe5 dxe5 30. d6 Rd7 31. Rd5 e4 32. Bc2 e6 33. Rc5 Rxc5 34. bxc5 Kf6 35. Ba4 Rd8 36. d7 Ke5 37. Rb1 f4 38. Rxb7 f3 39. c6 1-0

[Event "Regionalliga Mittelrhein 1011"]
[Site "Germany"]
[Date "2011.01.16"]
[Round "4.2"]
[White "Hoppe, Thilo"]
[Black "Mueller, Norbert"]
[Result "1-0"]
[WhiteElo "2204"]
[BlackElo "2124"]
[PlyCount "91"]
[EventDate "2010.10.24"]
[EventType "team"]
[EventRounds "9"]
[EventCountry "GER"]
[SourceTitle "EXT 2015"]
[Source "ChessBase"]
[SourceDate "2014.11.20"]
[SourceVersion "1"]
[SourceVersionDate "2014.11.20"]
[SourceQuality "1"]
[WhiteTeam "Bonn Beuel"]
[BlackTeam "Aachen PTSV"]
[WhiteTeamCountry "GER"]
[BlackTeamCountry "GER"]

1. d4 g6 2. c4 Bg7 3. Nc3 d6 4. e4 Nc6 5. d5 Nd4 6. Nge2 Nxe2 7. Bxe2 e5 8. 0-0 f5 9. f4 Nf6 10. fxe5 dxe5 11. exf5 Bxf5 12. g4 Bc8 13. g5 Ng8 14. Bg4 Ne7 15. Bxc8 Qxc8 16. Ne4 Nf5 17. Qa4+ Qd7 18. Qxd7+ Kxd7 19. Nc5+ Kc8 20. Ne6 Bf8 21. Bd2 b6 22. Rae1 Bd6 23. Bc3 Re8 24. Bxe5 Kd7 25. Bc3 c6 26. dxc6+ Kxc6 27. Nd4+ Nxd4 28. Bxd4 Rxe1 29. Rxe1 Bf4 30. Bf6 Bd6 31. Re4 Rf8 32. Kg2 Rf7 33. Re8 Kc5 34. b3 Kb4 35. h4 Rd7 36. Re2 Bc5 37. Kf3 a5 38. Rc2 Rd3+ 39. Ke4 Rh3 40. Kd5 Rxh4 41. Bc3+ Ka3 42. Bxa5 Be3 43. Bc3 Bxg5 44. Bd4 Bd8 45. c5 Kb4 46. cxb6 1-0

[Event "Regionalliga Mittelrhein 1011"]
[Site "Germany"]
[Date "2010.11.14"]
[Round "2.2"]
[White "Pauly, Carlo"]
[Black "Mueller, Norbert"]
[Result "1/2-1/2"]
[WhiteElo "2029"]
[BlackElo "2124"]
[PlyCount "44"]
[EventDate "2010.10.24"]
[EventType "team"]
[EventRounds "9"]
[EventCountry "GER"]
[SourceTitle "EXT 2015"]
[Source "ChessBase"]
[SourceDate "2014.11.20"]
[SourceVersion "1"]
[SourceVersionDate "2014.11.20"]
[SourceQuality "1"]
[WhiteTeam "Koeln Muelheim"]
[BlackTeam "Aachen PTSV"]
[WhiteTeamCountry "GER"]
[BlackTeamCountry "GER"]

1. c4 g6 2. g3 Bg7 3. Bg2 e5 4. Nc3 d6 5. e4 Nc6 6. Nge2 Nge7 7. 0-0 0-0 8. d3 f5 9. exf5 Nxf5 10. Ne4 Nfd4 11. Nxd4 Nxd4 12. f4 c6 13. fxe5 dxe5 14. Kh1 Bf5 15. Bg5 Qc7 16. Qd2 Rf7 17. Rf2 Bxe4 18. Bxe4 Rxf2 19. Qxf2 Rf8 20. Qg2 Qd6 21. Rf1 Rxf1+ 22. Qxf1 Qf8 1/2-1/2